Presidente negó divergencias en Cumbre

El Presidente de Honduras, Rafael Callejas en declaraciones dadas a la prensa negó que en la Cumbre de Puntarenas los presidentes centroamericanos tuvieran divergencias en torno a la condena al FMLN por las acciones militares del mes de noviembre, todo lo contrario, Callejas expresa que la condena a...

Cijeli opis

Spremljeno u:
Bibliografski detalji
Format: Tekst
Jezik:Spanish
Teme:
Oznake: Dodaj oznaku
Bez oznaka, Budi prvi tko označuje ovaj zapis!

MARC

LEADER 00000 a a2200000 04500
003 cru CIDCACS/IIS
005 20211109115542.0
008 200611b ||||| |||| 00| 0 spa d
040 |c cru CIDCACS/IIS 
245 |a Presidente negó divergencias en Cumbre 
300 |a páginas 7-8 
500 |a Colección Centroamérica 
520 |a El Presidente de Honduras, Rafael Callejas en declaraciones dadas a la prensa negó que en la Cumbre de Puntarenas los presidentes centroamericanos tuvieran divergencias en torno a la condena al FMLN por las acciones militares del mes de noviembre, todo lo contrario, Callejas expresa que la condena al FMLN fue de total consenso, pues estaban conscientes de que para solucionar el conflicto en El Salvador se debe poner fin a la violencia, por ello exhortan al FMLN a iniciar el camino de la paz, también hubo consenso en el apoyo a la ONU para lograr un cese al fuego en ese país, así como a las medidas tendientes a lograr la integración económica de Centroamérica, basada en la desgravación arancelaria, asistencia internacional y reconversión de la industria en la región. VJ/MR 
650 0 |a ACUERDOS INTERNACIONALES  |9 507 
650 4 |a GUERRA CIVIL  |9 1937 
650 4 |a GUERRILLEROS  |9 1923 
650 4 |a INTEGRACION ECONOMICA  |9 2642 
650 0 |a DEMOCRACIA  |9 83 
650 0 |a PAZ  |9 138 
773 0 |0 42570  |9 4659  |a Universidad de Costa Rica  |d San José, Costa Rica CSUCA; Universidad de Costa Rica, 1988-  |o MFN: 0763  |t Centroamérica Hoy/ 
942 |2 ddc  |c PP 
999 |c 43186  |d 43186